Como me lo contaron te lo cuento : por la calle de Juárez /

Na minha lista:
Detalhes bibliográficos
Autor principal: Benítez, José R. (autor)
Formato: Livro
Idioma:espanhol
Publicado em: Guadalajara, México : Banco Industrial de Jalisco, 1963
Tags: Adicionar Tag
Sem tags, seja o primeiro a adicionar uma tag!

MARC

LEADER 00000nam^a2200000^a^4500
001 000619596
005 20260220000000.0
009 20260310133822.652
037 |a Acervo ITESO - Biblioteca 
041 |a ESP 
091 |a FOB. 00882 
100 |a Benítez, José R.  |e (autor) 
245 1 0 |a Como me lo contaron te lo cuento :  |b por la calle de Juárez / 
264 1 |a Guadalajara, México :  |b Banco Industrial de Jalisco,  |c 1963 
300 |a 147 p. 
336 |a texto  |b txt  |2 rdacontenido 
337 |a sin mediación  |b n  |2 rdamedio 
338 |a volumen  |b nc  |2 rdasoporte 
649 |a XX 
910 |a Fondo Carlos de Obeso Orendain 
920 |a Impresos - Libros 
930 |a Fondos Especiales 
940 |a Literatura 
905 |a 147 
901 |a 619596-10  |b IT2  |c ESP  |i D  |u 20250826 
902 |a https://opac.biblio.iteso.mx/vufind/Record/000619596